[Event "7th RTU Open 2017"]
[Site "Riga"]
[Date "2017.08.10"]
[Round "5"]
[White "Meskovs, Nikita"]
[Black "Alekseenko, Kirill"]
[Result "1-0"]
[WhiteElo "2495"]
[BlackElo "2575"]
[Annotator "TA"]
[PlyCount "97"]
[EventDate "2017.??.??"]
[EventType "swiss"]
[EventCountry "LAT"]
[SourceTitle "playchess.com"]
[Source "ChessBase"]
[SourceQuality "1"]

{[%evp 16,97,30,17,27,0,0,0,10,4,4,10,20,-27,-8,-24,-27,-25,-28,-18,-18,-106,0,0,0,0,0,0,0,0,0,0,0,0,88,97,305,303,310,312,295,280,281,260,305,309,256,303,322,319,299,297,332,325,347,339,546,543,542,534,950,958,718,695,659,656,796,756,1202,1160,1514,1514,2029,1632,29985,29986,29973,1031,1845,1541,29991,29992,29992,29991]} 1. c4 e6 2. Nf3 Nf6 3. d4 b6 4. g3 Bb4+ 5. Nbd2 Bb7 6. Bg2 O-O 7. O-O d5 8. Ne5 Re8 {E16: Queen's Indian: 4 g3 Bb7 5 Bg2 Bb4+} (8... Nbd7 9. Nxd7 Qxd7 10. a3 Be7 11. cxd5 exd5 12. Nf3 Bd6 13. Bf4 Bxf4 14. gxf4 c5 15. e3 Qe7 16. dxc5 bxc5 17. Qc2 Rac8 18. Qf5 Rfd8 {½-½ (33) Eljanov,P (2757)-Vitiugov,N (2718) Novi Sad 2016}) 9. a3 {LiveBook: 4 Games} Bd6 10. cxd5 exd5 {The position is equal.} 11. Ndc4 Bf8 (11... Bxe5 $5 12. Nxe5 Nbd7 $11) 12. Bg5 $146 ({Predecessor:} 12. Qc2 Ne4 13. Nd2 Nxd2 14. Bxd2 c5 15. Bc3 Nd7 16. Qf5 Nxe5 17. dxe5 Rb8 {½-½ (57) Lopez Mulet,I (2343)-Mesaros,F (2270) Prague 2016}) 12... Qc8 13. Nd2 Qe6 (13... Qf5 $5 {[%cal Rf5g5]} 14. Bxf6 Qxf6 $11) 14. f4 c5 15. f5 Qd6 16. Bf4 Qd8 17. e3 Nc6 18. g4 (18. Ndf3 $11) 18... h6 ({Black should try} 18... cxd4 $17 19. Nxc6 Bxc6 20. exd4 Bb5) 19. Ndf3 $1 $11 Bd6 20. h4 h5 $1 {[%cal Rh5g4]} 21. g5 $1 $36 {[%cal Rg5f6][%mdl 2048] White has the initiative.} Ng4 22. g6 fxg6 23. fxg6 {aiming for Nf7.} Bxe5 24. dxe5 Ne7 {[#]} (24... Qd7 $11 {keeps the balance.}) 25. Ng5 $1 $16 {Black must now prevent Bg3.} Rf8 $2 {[#]} (25... Qc8 $16 {was necessary.}) 26. Bh3 $1 $18 {[%cal Rh3g4]} ({Weaker is} 26. Ne6 Qd7 $14) 26... Qe8 27. Bxg4 hxg4 28. h5 Nf5 29. Qxg4 Qc6 30. Rae1 Rae8 ({Reject} 30... d4 31. e4 $18) 31. Nh7 Bc8 {intending ...Nxe3.} 32. Nxf8 Rxf8 33. Bh2 Be6 34. Qg5 Qd7 35. Rf3 Rd8 $2 (35... Nh6) 36. Ref1 {[%cal Rf3f5]} Nh6 37. Bg3 d4 38. Bh4 Re8 39. Qf4 {Intending Qf8+! and mate.} Qc8 40. exd4 cxd4 41. Qxd4 Nf5 42. Qf2 Nxh4 43. Qxh4 {White threatens h6 and mate.} Bd5 44. R3f2 {White wants to mate with h6.} Qe6 45. Qb4 Qc8 46. Kh2 (46. Qf4 $142 Qc5 47. h6 Kh8 48. hxg7+ Kxg7 49. Qf6+ Kg8 50. g7 Qe7 51. Qf8+ Rxf8 52. gxf8=Q+ Qxf8 53. Rxf8+ Kg7 54. R1f6) 46... a5 47. Qxb6 Bc6 48. Qb3+ Kh8 49. Qf7 {Precision: White = 78%, Black = 46%.} 1-0

[Event "7th RTU Open 2017"]
[Site "Riga"]
[Date "2017.08.10"]
[Round "5"]
[White "Christiansen, Johan-Sebastian"]
[Black "Badelka, Olga"]
[Result "1/2-1/2"]
[WhiteElo "2475"]
[BlackElo "2335"]
[Annotator "TA"]
[PlyCount "98"]
[EventDate "2017.??.??"]
[EventType "swiss"]
[EventCountry "LAT"]
[SourceTitle "playchess.com"]
[Source "ChessBase"]
[SourceQuality "1"]

{[%evp 17,98,0,0,-1,6,3,46,0,5,8,0,-9,6,-8,0,-18,-4,-14,-22,-25,11,12,22,13,19,0,29,30,12,-12,0,0,0,0,1,0,25,18,15,0,0,0,0,0,0,0,0,0,0,-9,0,0,0,0,41,26,30,43,88,0,0,0,0,0,0,0,0,0,0,0,0,0,0,0,0,0,0,0,0,0,0,0,0]} 1. e4 c5 2. Nf3 e6 3. d4 cxd4 4. Nxd4 Nf6 5. Nc3 Nc6 6. Nxc6 bxc6 7. Bd3 d5 8. O-O Be7 9. Qe2 O-O {LiveBook: 28 Games. B40: Sicilian: 2...e6, Unusual lines} 10. Re1 (10. b3 Bb7 11. Bb2 c5 12. Rad1 Qc7 13. Nb5 Qb6 14. e5 Nd7 15. c4 d4 16. f4 g6 17. Be4 Bxe4 18. Qxe4 {1-0 (61) Pichot,A (2544)-Tregubov,P (2585) Doha 2016}) 10... Re8 11. Bf4 $146 ({Predecessor:} 11. b3 Bb4 12. Bd2 Qa5 13. a3 Bxc3 14. b4 Qd8 15. Bxc3 d4 16. Bb2 e5 17. c3 {½-½ (49) Muratet,L (2045)-Di Nicolantonio,L (2322) Nimes 2012}) 11... d4 12. Nb1 Nd7 13. Nd2 e5 14. Bg3 Bf6 15. c3 Rb8 16. Rab1 Nc5 17. Bc4 dxc3 18. bxc3 Be6 19. Bxe6 Rxe6 20. Nc4 {[%cal Bd2c4,Bc4e3,Be3f5,Bf5d4][%mdl 32]} Na4 21. Rbd1 Qc7 22. Qc2 Nb6 23. Ne3 Bg5 24. Nf5 g6 25. h4 Bf4 26. Bxf4 exf4 27. Nd4 Re7 28. c4 (28. e5 $5) 28... Rbe8 29. Nf3 Nd7 30. Qd2 c5 31. Re2 Nb6 32. Qc2 Nd7 33. Qa4 Ne5 34. Nxe5 Qxe5 35. Qa5 f3 36. gxf3 Qh5 37. Re3 Re5 38. Rd8 (38. Rd5 $16) 38... Qxh4 $11 {The position is equal.} 39. Rxe8+ Rxe8 40. Qxc5 {[%mdl 4096] Endgame KQR-KQR} Rd8 {[#] ( -> ...Rd1+)} 41. Re1 Rd3 42. Kg2 Qf4 43. Re3 Rd1 44. Qa5 h5 {[#] ...h4 is the strong threat.} (44... a6 $5) 45. Re1 $1 {[%cal Re1d1]} Rd3 46. Re3 $1 {[%cal Re3d3]} Rd1 47. Re1 $1 {[%cal Re1d1]} Rd3 48. Re3 $1 {[%cal Re3d3]} Rd1 49. Re1 $1 {[%cal Re1d1]} Rd3 {Precision: White = 72%, Black = 45%.} 1/2-1/2

[Event "7th RTU Open 2017"]
[Site "Riga"]
[Date "2017.08.10"]
[Round "5"]
[White "Tang, Andrew"]
[Black "Lavendelis, Egons"]
[Result "1-0"]
[WhiteElo "2475"]
[BlackElo "2271"]
[Annotator "TA"]
[PlyCount "127"]
[EventDate "2017.??.??"]
[EventType "swiss"]
[EventCountry "LAT"]
[SourceTitle "playchess.com"]
[Source "ChessBase"]
[SourceQuality "1"]

{[%evp 14,127,28,28,40,34,33,0,89,78,86,63,117,65,93,70,75,58,69,62,47,34,26,0,69,54,50,41,64,14,15,22,84,33,140,133,140,133,206,203,206,206,257,232,238,230,230,231,227,227,385,375,466,469,614,618,582,614,606,585,630,625,666,756,725,713,701,698,764,749,729,712,716,644,958,885,1027,1016,2400,2388,1312,1177,5377,3607,6418,10834,12790,12790,9400,9204,5469,4658,3964,847,843,843,843,837,831,779,29972,29973,29973,29974,29981,29983,29986,29987,29988,29987,29987,29988,29991,29992,29992,29993]} 1. d4 Nf6 2. c4 g6 3. f3 d5 4. cxd5 Nxd5 5. e4 Nb6 6. Nc3 Bg7 7. Be3 O-O 8. Qd2 c6 {D70: Grünfeld: Unusual White 3rd moves (met by ...d5)} (8... Nc6 9. O-O-O Qd6 10. Kb1 Rd8 11. Nb5 Qd7 12. d5 a6 13. Nc3 Qe8 14. Qc1 Na5 15. h4 e6 16. Bf4 Rd7 17. Bh6 Bxh6 18. Qxh6 exd5 {½-½ (35) Aronian,L (2809)-Svidler,P (2749) Geneve 2017}) 9. h4 {[%cal Bh2h4,Bh4h5][%mdl 32]} e5 10. d5 f5 (10... cxd5 $11 {remains equal.} 11. exd5 h5) 11. h5 $16 cxd5 12. exd5 f4 ({Black should try} 12... gxh5 $14 13. Rxh5 f4) 13. Bf2 $146 (13. Bc5 $16) ({Find the theoretical novelty and annotate with similar games:} 13. Bc5 Re8 14. hxg6 hxg6 15. O-O-O Bf5 16. Bxb6 axb6 {0-1 (40) Ehlvest,J (2536)-Lavendelis,E (2271) Tallinn 2017}) 13... Bf5 $14 14. Bd3 N8d7 15. Nge2 Rc8 16. hxg6 hxg6 17. Bxf5 gxf5 18. d6 Nf6 ({Black should play} 18... Nc4 $11 19. Qd5+ Rf7) 19. Bxb6 Qxb6 20. O-O-O Qe3 21. Qxe3 fxe3 22. Ng3 Nd7 {[#]} (22... f4 $11 23. Nf5 Kf7) 23. Kb1 (23. Rh5 $1 $16) 23... Nb6 {[#]} (23... f4 $1 $14 24. Nge4 Kf7) 24. Rh5 $1 $16 f4 25. Nf5 Kf7 (25... Bf6 $16) 26. Nxg7 $18 Kxg7 27. Rxe5 Nc4 28. Re7+ Rf7 29. Rxf7+ Kxf7 {[%mdl 4096] Endgame KRN-KRN} 30. d7 Rd8 31. Rd4 Nd2+ $2 (31... Ne5 32. Rxf4+ Kg6) 32. Kc2 Ke6 33. Ne2 Rxd7 34. Nxf4+ Ke7 35. Rxd7+ Kxd7 {KN-KN} 36. Kd3 Kd6 37. b3 Ke5 38. Kxe3 Nf1+ 39. Kf2 Nd2 40. Ne2 a5 41. Ke3 Nf1+ 42. Kd3 b5 43. Nd4 Kf4 44. Nxb5 Ne3 45. Nd6 Nxg2 46. Nc4 Ne1+ 47. Kc3 Nxf3 48. Nxa5 Ke5 49. Nc4+ Kd5 50. a4 Ng5 51. Ne3+ Ke4 52. Nc2 Kd5 53. Nb4+ Kc5 54. Nd3+ Kd5 55. Kb4 Ne6 56. a5 Kc6 57. Kc4 {White mates.} Nc7 58. b4 {[%cal Bb3b4,Bb4b5,Bb5b6,Bb6b7][%mdl 32]} Kb7 59. b5 Na8 60. Nc5+ Ka7 61. Kd5 Nc7+ 62. Kc6 Kb8 63. b6 Kc8 64. b7+ {Precision: White = 83%, Black = 43%.} 1-0

[Event "7th RTU Open 2017"]
[Site "Riga"]
[Date "2017.08.10"]
[Round "5"]
[White "Fedorovsky, Michael"]
[Black "Sanal, Vahap"]
[Result "1/2-1/2"]
[WhiteElo "2467"]
[BlackElo "2539"]
[Annotator "TA"]
[PlyCount "59"]
[EventDate "2017.??.??"]
[EventType "swiss"]
[EventCountry "LAT"]
[SourceTitle "playchess.com"]
[Source "ChessBase"]
[SourceQuality "1"]

{[%evp 18,59,35,15,18,0,0,0,6,-11,-8,-8,-9,-17,-8,-8,-12,-27,-21,-23,-11,-1,30,0,0,0,0,0,0,0,0,0,46,36,75,61,65,75,85,48,105,108,143,152]} 1. d4 Nf6 2. c4 e6 3. Nf3 b6 4. g3 Bb7 5. Bg2 Be7 6. O-O O-O 7. Nc3 Ne4 8. Qc2 Nxc3 9. Qxc3 Be4 10. Rd1 f5 {E19: Queen's Indian: Old Main Line with 7...Ne4 8 Qc2 Nxc3 8 Qxc3} (10... d6 11. Qe3 d5 12. Ne5 Bxg2 13. Kxg2 c6 14. cxd5 cxd5 15. Bd2 Qd6 16. Rac1 f6 17. Nf3 Nc6 18. Rc2 Rac8 19. Rdc1 Rc7 20. Bb4 {1-0 (20) Radjabov,T (2696)-Indjic,A (2573) Novi Sad 2016}) 11. d5 $146 ({Predecessor:} 11. Be3 Bf6 12. Qd2 d6 13. Rac1 Nc6 14. Ng5 Bxg5 15. Bxg5 Ne7 16. Bxe4 fxe4 17. Qc2 e3 18. f3 {1-0 (63) Staniszewski,P (2419)-Strzemiecki,Z (2421) Poronin 2012}) 11... Bf6 12. Qa3 e5 {The position is equal.} 13. c5 bxc5 14. Qxc5 d6 15. Qc4 Nd7 16. Ne1 Nb6 17. Qc6 Bxg2 18. Nxg2 a5 19. Be3 g5 20. Rac1 (20. Bxb6 $5 cxb6 21. Rac1 $11) 20... f4 $1 {[%cal Rf4e3]} 21. Bxb6 cxb6 22. Qa4 b5 23. Qe4 Qd7 24. Rc6 Ra7 25. Rdc1 a4 26. Ne1 {[%cal Bg2e1,Be1d3,Bd3f2][%mdl 32]} Rb7 27. Nd3 Bd8 28. Kg2 Rf6 {[#]} (28... Bb6 $14) 29. f3 $1 $16 h5 30. Nf2 {Precision: White = 75%, Black = 57%.} 1/2-1/2

[Event "7th RTU Open 2017"]
[Site "Riga"]
[Date "2017.08.10"]
[Round "5"]
[White "Hambleton, Aman"]
[Black "Sirosh, Ilja"]
[Result "1-0"]
[WhiteElo "2461"]
[BlackElo "2299"]
[Annotator "TA"]
[PlyCount "113"]
[EventDate "2017.??.??"]
[EventType "swiss"]
[EventCountry "LAT"]
[SourceTitle "playchess.com"]
[Source "ChessBase"]
[SourceQuality "1"]

{[%evp 12,113,26,17,33,32,35,29,29,29,29,29,22,33,56,48,66,50,53,48,82,71,85,61,107,93,100,105,97,109,107,52,125,86,85,68,56,40,49,45,57,0,42,43,135,154,130,156,271,268,312,310,375,347,366,372,356,252,234,135,134,144,129,137,113,124,193,197,199,195,193,183,196,195,331,268,316,219,386,359,438,420,366,366,537,510,391,293,760,788,555,493,1479,1636,12837,12837,12839,12835,12842,12842,12851,12851,12851,12851]} 1. d4 Nf6 2. Bf4 g6 3. Nc3 d5 4. e3 Bg7 5. h4 c5 (5... c6 6. Nf3 Bg4 7. Be2 Nbd7 8. Ne5 Bxe2 9. Qxe2 h5 10. O-O-O Qa5 11. Kb1 {1-0 (44) Karjakin,S (2781)-Giri,A (2771) Stavanger 2017}) 6. Nb5 {A45: Trompowsky Attack} Na6 7. c3 {LiveBook: 5 Games} h6 8. Be2 {White is slightly better.} O-O 9. Nf3 Bg4 $146 ({Predecessor:} 9... Ne4 10. Ne5 Nd6 11. a4 {1-0 (47) Zhang,Z (2641)-Praggnanandhaa,R (2447) Dubai 2017}) 10. Ne5 Bxe2 11. Qxe2 Nd7 12. Nf3 h5 13. O-O Re8 14. Rfd1 cxd4 15. exd4 Nf6 16. Ne5 Ne4 17. a4 Rf8 18. Nf3 Qd7 19. Re1 Qf5 20. g3 Rfe8 21. Ng5 ({White should try} 21. Rad1 $16) 21... Nxg5 (21... e5 $1 $14 22. Bxe5 (22. Nxe4 exf4 23. Nbd6 Qe6 $11) 22... Bxe5) 22. Bxg5 Bf6 23. Bxf6 Qxf6 24. Qd2 Red8 25. Re5 e6 26. Qh6 ({White should play} 26. Rg5 $14) 26... Qg7 (26... Nc5 $5) 27. Qf4 Rd7 (27... Nb8 $1 $14) 28. g4 $1 $36 {[%mdl 2048] White has strong initiative.} hxg4 29. h5 f6 (29... Nb8 $16 {was called for.}) 30. Rxe6 $18 {Hoping for h6.} gxh5 31. Rxf6 Rf7 32. Rxf7 Qxf7 33. Qg5+ Kh7 34. Re1 {aiming for Re7.} Rg8 35. Re7 ({Better is} 35. Qe5 $18) 35... Rxg5 $16 36. Rxf7+ {[%mdl 4096] Endgame KRN-KRN} Rg7 37. Rf5 Kg6 38. Rxd5 Nc7 {[#]} (38... Re7 $16 {might work better.}) 39. Re5 $1 $18 Nxb5 40. axb5 {KR-KR} ({Weaker is} 40. Rxb5 Rh7 $14) 40... Rc7 41. Kg2 h4 {[#]} 42. f4 $1 h3+ (42... gxf3+ $142 43. Kxf3 h3) 43. Kh2 Kf6 44. Rg5 Re7 $2 (44... Rh7 45. b3 (45. Rxg4 Kf5 $18) 45... Rh4) 45. Rxg4 Re2+ 46. Kxh3 Rxb2 47. Rg5 Rb3 (47... b6 {is a better defense.} 48. Kg4 Rg2+ 49. Kf3 Rc2) 48. Rc5 b6 49. Rc7 Rxb5 $2 (49... Kf5 50. Kg3 (50. Rxa7 Rxc3+ 51. Kh4 Kxf4 $11) 50... Rxb5 51. Rxa7 Rb3) 50. Rxa7 {White is clearly winning.} Rb3 51. Rc7 Ke6 (51... Kf5 $142 52. Kg3 Ke6 53. Rc6+ Kd5) 52. Kg4 b5 53. Rc6+ Kd7 54. Rc5 b4 55. cxb4 Rxb4 56. Re5 Rxd4 57. Kg5 {Precision: White = 75%, Black = 31%.} 1-0

[Event "7th RTU Open 2017"]
[Site "Riga"]
[Date "2017.08.10"]
[Round "5"]
[White "Baldauf, Marco"]
[Black "Shirov, Alexei"]
[Result "1/2-1/2"]
[WhiteElo "2460"]
[BlackElo "2648"]
[Annotator "TA"]
[PlyCount "49"]
[EventDate "2017.??.??"]
[EventType "swiss"]
[EventCountry "LAT"]
[SourceTitle "playchess.com"]
[Source "ChessBase"]
[SourceQuality "1"]

{[%evp 31,49,11,11,0,11,12,12,0,0,0,0,0,0,0,0,0,0,0,0,0]} 1. d4 d5 2. c4 c6 3. Nc3 Nf6 4. e3 e6 5. Nf3 Nbd7 6. Qc2 Bd6 7. Bd3 O-O 8. O-O dxc4 9. Bxc4 b5 10. Bd3 Bb7 11. a3 Rc8 12. b4 {D46: Semi-Slav: 5 e3 Nbd7 6 Bd3, Black avoids the Meran} c5 13. bxc5 Bxf3 14. gxf3 Nxc5 15. dxc5 Rxc5 16. f4 Nd5 $1 {LiveBook: 9 Games. The position is equal.} 17. Bd2 Nxc3 18. Bxc3 Qc7 $1 19. Rfc1 Rc8 $1 {[%cal Rc5c3] [#]} 20. Bb4 $146 Rxc2 21. Rxc2 Qxc2 22. Bxc2 {[#] Black must now prevent Bd3.} Bxb4 23. axb4 Rxc2 24. Rxa7 {Intending Ra8+ and mate.} g5 25. Rb7 1/2-1/2

[Event "7th RTU Open 2017"]
[Site "Riga"]
[Date "2017.08.10"]
[Round "5"]
[White "Lugovskoy, Maxim"]
[Black "Ovsejevitsch, Sergei"]
[Result "1-0"]
[WhiteElo "2440"]
[BlackElo "2596"]
[Annotator "TA"]
[PlyCount "103"]
[EventDate "2017.??.??"]
[EventType "swiss"]
[EventCountry "LAT"]
[SourceTitle "playchess.com"]
[Source "ChessBase"]
[SourceQuality "1"]

{[%evp 21,103,38,41,9,16,8,46,19,22,16,27,-18,4,0,44,25,36,34,48,58,113,-31,144,25,65,0,25,2,3,0,0,-86,-77,-166,-145,-152,-145,-250,-179,179,-278,-314,-296,-304,-262,-423,-358,-464,-445,-417,-344,-453,-426,-489,-426,-435,-458,-471,-498,-597,-587,-600,-595,-654,-656,-633,-208,-263,-8,-8,306,56,49,61,56,64,59,78,511,511,510,510,1041,1038]} 1. e4 e5 2. Nf3 Nc6 3. Nc3 Nf6 4. Bb5 Bb4 5. O-O O-O 6. d3 d6 7. Bg5 Bxc3 8. bxc3 h6 9. Bh4 Bg4 10. h3 {C49: Four Knights: 4 Bb5 Bb4} Bh5 11. g4 Bg6 {LiveBook: 3 Games} 12. Rb1 $146 {White is slightly better.} ({Predecessor:} 12. Re1 Re8 13. Rb1 a6 14. Ba4 b5 15. Bb3 Na5 16. Re3 Nxb3 17. axb3 d5 18. exd5 Qxd5 19. Bxf6 gxf6 {1-0 (45) Grandelius,N (2643)-Rydstrom,T (2306) Uppsala 2016}) 12... Na5 13. Nd2 Bh7 14. Re1 c6 15. Ba4 Re8 16. Nb3 (16. Bb3 $5) 16... g5 17. Bg3 b5 18. Nxa5 Qxa5 19. Bb3 Qxc3 20. h4 Kf8 (20... Bg6 $14) 21. Re3 (21. Qc1 $16) 21... Bg8 $2 (21... Kg7 $15 {keeps the upper hand.}) 22. Rf3 ({White should play} 22. Qf3 $16 Ke7 23. d4 $1 {[%mdl 512]} Qxd4 24. Rd1) 22... Nh7 $11 ({But not} 22... Nxg4 $2 23. Rf5 $18) 23. hxg5 (23. d4 $14 Qxd4 24. Rd3) 23... hxg5 24. Kg2 {Black must now prevent Bxf7.} (24. d4 $5 Qxd4 25. Qxd4 exd4 26. Bxd6+ Kg7 27. e5 $14) 24... f6 25. Qh1 Kg7 26. Qh5 (26. Rc1 $11 {keeps the balance.}) 26... Bxb3 $17 27. cxb3 (27. axb3 $17 Qxc2 28. Rh1) 27... Rh8 $1 $19 28. Rh1 Rag8 $1 29. Rh3 (29. Re3 $17) 29... c5 ({And not} 29... Nf8 30. Qe8 $16) 30. Qh6+ (30. Bh2 $142) 30... Kf7 31. Qh5+ Ke7 32. Rh1 Qa5 33. Qh2 $2 (33. a4) 33... Qxa2 34. Rc1 Nf8 {[%cal Bh7f8,Bf8e6,Be6d4][%mdl 32]} 35. Qg1 Qa6 36. b4 Qc8 37. bxc5 dxc5 38. Rf5 {intending d4!} Ne6 39. Ra1 a6 40. Qc1 Rd8 41. Qa3 Nd4 42. Rc1 b4 43. Qa2 b3 $2 (43... Qc6 44. f3 Nxf5 45. gxf5 g4) 44. Qa3 Kf7 $2 (44... Rd6 $19 45. Rxc5 Qd7 46. Bxe5 Nxf5 47. Bxf6+ Kxf6 48. gxf5 Kg7) 45. Rxc5 $40 {[%mdl 128] White is up to no good.} Qb7 $2 {[%mdl 8192] [#]} (45... Qd7 $11 {and Black is okay.} 46. Rcxe5 Qb7) 46. Bxe5 $2 ({Only move:} 46. Rxf6+ $1 $18 {[%mdl 512]} Kxf6 47. Bxe5+ Kg6 48. Rc7 Qxc7 49. Bxc7) 46... Nxf5 $14 47. Rc7+ {[#]} Qxc7 $1 48. Qxb3+ (48. Bxc7 Nh4+) 48... Kg7 49. Bxc7 Nd4 $2 {[%mdl 8192]} (49... Nh4+ $16 {is more resistant.} 50. Kf1 Nf3) 50. Qb6 $18 {White is clearly winning.} Rd7 51. e5 Rf8 (51... Kh7 $142 52. exf6 Re8) 52. Bd6 {Precision: White = 29%, Black = 29%.} 1-0

[Event "7th RTU Open 2017"]
[Site "Riga"]
[Date "2017.08.10"]
[Round "5"]
[White "Das, Sayantan"]
[Black "Kovchan, Alexander"]
[Result "0-1"]
[WhiteElo "2436"]
[BlackElo "2587"]
[Annotator "TA"]
[PlyCount "70"]
[EventDate "2017.??.??"]
[EventType "swiss"]
[EventCountry "LAT"]
[SourceTitle "playchess.com"]
[Source "ChessBase"]
[SourceQuality "1"]

{[%evp 24,70,-9,-9,-17,-12,-17,-8,-15,-32,-20,-53,-38,-38,-33,-34,-29,-152,-145,-142,-151,-169,-147,-177,-78,-66,0,0,0,0,0,-468,-453,-468,-465,-565,-561,-551,-494,-490,-490,-937,-937,-941,-914,-2032,-1957,-1896,-1888]} 1. e4 c5 2. Nf3 d6 3. d4 cxd4 4. Nxd4 Nf6 5. Nc3 a6 6. Bg5 e6 7. f4 h6 8. Bh4 Qb6 9. Qd3 {B96: Sicilian Najdorf: 6 Bg5 e6 7 f4, lines other than 7...Qb6 and 7...Be7} (9. a3 Be7 10. Bf2 Qc7 11. Qf3 Nbd7 12. O-O-O b5 13. g4 Bb7 14. h4 d5 15. e5 Ne4 16. Rh3 Nxf2 17. Qxf2 {½-½ (43) Caruana,F (2817)-Vachier Lagrave,M (2803) Karlsruhe 2017}) 9... Qxb2 10. Rb1 Qa3 11. f5 Be7 12. fxe6 fxe6 {[%cal Bf7e6,Be6e5][%mdl 32]} 13. Be2 $1 {LiveBook: 10 Games} O-O 14. O-O Kh8 15. Kh1 {Threatens to win with e5!} e5 16. Nb3 $146 ({Predecessor:} 16. Nf5 Bxf5 17. Rxf5 {0-1 (55) Magrini,F (2198)-Roeder,M (2422) Bratto 2014}) 16... Nbd7 17. g4 g5 18. Nd5 $1 {[%cal Rd5e7]} Nxd5 19. exd5 {aiming for Qg6.} Kg7 {[%cal Bh8g7,Bg7f8,Bf8e8,Be8d7,Bd7c7,Bc7d8][%mdl 32]} (19... gxh4 $6 20. Qg6 $16) 20. Qe4 (20. Rxf8 $1 $11 Nxf8 21. Rf1) 20... Nf6 $17 (20... gxh4 21. Bd3 $16) 21. Rxf6 Rxf6 ({And not} 21... Kxf6 22. Bd3 Qc1+ 23. Rxc1 Bd8 24. Rf1+ Ke7 25. Qh7+ Ke8 26. Bg6+ Rf7 27. Qxf7#) 22. Bd3 Kf8 (22... gxh4 23. Qh7+ Kf8 24. g5 $1 $11 {[%mdl 512]}) ({Weaker is} 22... Qxa2 23. Ra1 $16) 23. Bg3 {[#]} b5 (23... Bd7 $1 $19 {has better winning chances. ...Ke8 is the strong threat.} 24. Qh7 Ke8) 24. Kg1 Qa4 (24... Qxa2 $2 25. Ra1 $17) (24... Ke8 $1 $15 25. Rf1 Qa4) 25. Qh7 $11 Ke8 ({Not} 25... Qxg4 $2 26. Bg6 $18) (25... Qxa2 $2 26. Ra1 $18) 26. h3 $1 {Black should prevent Rf1.} Bb7 (26... Bxg4 $5 27. hxg4 Qxg4 28. Qg8+ Rf8 29. Qg6+ Kd8 $19) 27. Qg8+ $2 {[%mdl 8192]} (27. c4 $1 $11 {and White has nothing to worry.} Rc8 28. Nd2) 27... Kd7 $19 {Black is clearly winning.} 28. Bf5+ Kc7 29. Qg7 Re8 30. Bg6 Kd8 31. Bxe8 Kxe8 32. Re1 (32. Bxe5 $142 dxe5 33. d6 Bxd6 34. Qxb7) 32... Qc4 33. Qg8+ Kd7 {Strongly threatening ...Qc3.} 34. Rd1 Qe2 35. Re1 Qf3 {Precision: White = 53%, Black = 64%.} 0-1

[Event "7th RTU Open 2017"]
[Site "Riga"]
[Date "2017.08.10"]
[Round "5"]
[White "Gholami, Aryan"]
[Black "Brunello, Sabino"]
[Result "1/2-1/2"]
[WhiteElo "2434"]
[BlackElo "2566"]
[Annotator "TA"]
[PlyCount "72"]
[EventDate "2017.??.??"]
[EventType "swiss"]
[EventCountry "LAT"]
[SourceTitle "playchess.com"]
[Source "ChessBase"]
[SourceQuality "1"]

{[%evp 19,72,0,58,40,47,-29,62,18,17,0,35,43,48,44,55,11,83,74,66,25,9,8,26,8,18,-113,-114,-118,-112,-114,-109,-107,-110,-214,-211,-224,-195,-174,0,0,0,0,0,0,0,0,0,0,0,0,0,0,0,0,0]} 1. e4 c5 2. Nf3 e6 3. d4 cxd4 4. Nxd4 Nc6 5. Nc3 Qc7 6. Be3 a6 7. Qf3 {B48: Sicilian: Taimanov: 5 Nc3 Qc7 6 Be3 a6 without Be2} Nxd4 8. Bxd4 Ne7 9. Qe3 b5 10. O-O-O Bb7 {LiveBook: 3 Games} (10... Rb8 $11) 11. f4 Rc8 {Strongly threatening ...b4.} 12. Be5 $146 (12. Rd2 $14) ({Predecessor:} 12. Bd3 Nc6 13. Bb6 Qb8 14. Kb1 Bb4 15. Ne2 {1-0 (52) Shirov,A (2705)-Kittlitz,M (2127) Hamburg 2005}) 12... Qc6 (12... d6 $1 $11 13. Bxd6 Nd5 14. exd5 Bxd6) 13. Bd3 Ng6 14. Bd4 Qc7 15. Rhf1 Bc5 16. g3 d6 17. f5 Bxd4 (17... Ne5 $11 {keeps the balance.}) 18. Qxd4 $16 Ne5 19. fxe6 fxe6 20. Be2 Ke7 21. Qd2 h6 22. Bxb5 (22. a3 $1 $11 {remains equal.}) 22... axb5 $17 23. Nxb5 Qc5 24. Nxd6 Rc7 25. b4 Qc6 26. c4 {[#]} (26. Rf2 $17 Rd7 27. Qf4 Rxd6 28. Qxe5 Rxd1+ 29. Kxd1 Qd6+ 30. Qxd6+ Kxd6 31. e5+ Kxe5 32. a4) 26... Ba6 $1 $19 {[%cal Ra6c4]} 27. c5 {Qc3 is the strong threat.} Bxf1 28. Qd4 {[#]} Nf7 $2 (28... Rf8 $1 $19 {[%cal Rf8f3] aiming for ...Rf3.} 29. Qxe5 Rf6 30. Nf5+ Kf7) 29. Rxf1 $11 {The position is equal.} Rf8 30. Kb2 $1 $36 {[%mdl 2048] White is more active.} ({Avoid the trap} 30. Qxg7 $2 Qxd6 31. Qf6+ Ke8 $19) 30... e5 31. Nf5+ Kf6 32. Qd1 Qa6 $1 33. Nh4+ $1 Ke7 {And now ...Rb8 would win.} 34. Nf5+ Kf6 {White must now prevent ...g6.} 35. Nh4+ $1 Ke7 {Hoping for ...Rb8.} 36. Nf5+ Kf6 {Precision: White = 39%, Black = 53%.} 1/2-1/2